Jubilee Line (Any Order) - Statistics

General Stats
  • This quiz has been taken 347 times
  • The average score is 21 of 27
Answer Stats
Answer % Correct
Stratford
95%
Stanmore
92%
West Ham
90%
London Bridge
89%
Waterloo
89%
Southwark
87%
Baker Street
86%
Canada Water
86%
Westminster
86%
Canary Wharf
85%
Bond Street
84%
Bermondsey
83%
Green Park
82%
North Greenwich
80%
Wembley Park
79%
Canning Town
76%
Swiss Cottage
75%
Kingsbury
73%
St John's Wood
73%
Queensbury
72%
Kilburn
68%
West Hampstead
68%
Willesden Green
63%
Dollis Hill
62%
Canons Park
61%
Finchley Road
61%
Neasden
61%
No matching quizzes found
Score Distribution
Percent of People with Each Score
Percentile by Number Answered
Your Score History
You have not taken this quiz